000 00527nam a2200169 i 4500
001 69834
003 ES-MaACL
005 20230906170632.0
007 t|
008 040712s1904 sp ||||1| spa d
100 1 _aGarcía Hurtado, Saturnino.
_954783
245 1 0 _aArquitectura del aparato de sustentación en los vertebrados /
_cpor Saturnino García Hurtado.
260 _aMadrid :
_bIdamor Moreno,
_c1904.
300 _aVIII, 52 p., 5 lám. :
_bil. ;
_c25 cm.
852 _aES-MaACL
_jE-1499
852 _aES-MaACL
_jF-12280
999 _c69834
_d69834